Stromberg Zitate - Statistiken

Allgemein
  • Dieses Quiz wurde 203 mal gespielt
  • Das Durchschnittsergebnis liegt bei 7 aus 12
Antwortstatistiken
Hint Antwort % Korrekt
Die besten Jahre kommen doch nach 45! War mit ... ja genauso. Deutschland
88%
Büro ist ... Krieg
87%
Bei den Weibern ist es wie bei den Hobbits, am Ende geht‘s immer um den ... . Ring
86%
Probleme sind wie ..., wenn du sie anfasst machen sie am meisten Spaß. Brüste
77%
... , also du bist doch wirklich ein selten dämlicher Haufen. Ernie
64%
Sex ist wie ... , dabei sein ist alles. Olympia
59%
Tauche nie deinen Füller in ... . Nie im eigenen Haus rumheften, tackern, lochen. Firmentinte
53%
Ich sag ja immer: die Scheiße ändert sich, aber die ... bleiben gleich. Fliegen
39%
Wenn du nix im Fenster hast, musst du schon verdammt viel im ... haben. Laden
38%
Immer diese ... .Aber wenn das Schiff sinkt, heißt es ‚Frauen und Kinder zuerst‘. Gleichberechtigung
34%
Jeder Mann lebt ohne Frauen besser, ist klar. Außer jetzt vielleicht ein ... . Gynäkologe
31%
Kollegen sind wie ... , die hat man auch, ob man will oder nicht. Pickel
24%
Keine übereinstimmenden Quizze gefunden
Verteilung der Resultate
Anzahl Personen mit jedem Resultat
Perzentil nach korrekt beantworteten Fragen
Ihre Resultats-Entwicklung
Sie haben dieses Quiz noch nicht gespielt